000
00328nam a22001337a 4500
008
181003b xxu||||| |||| 00| 0 eng d
020
_a
9780716701101
041
_a
eng
080
_2
6 ED
_a
159.9
100
_a
48
101
_a
PSI
245
_a
Cognitive Psychology And Its Implications
_c
Anderson.J.R
942
_2
udc
_c
BK
999
_c
48809
_d
48809